000 00524nam a2200205 i 4500
001 bgj
100 1 _aVIERTEL, Joseph
_d(1915- )
245 1 0 _aLife lines :
_ba novel /
_cJoseph Viertel.
260 _aNew York :
_bSimon and Schuster,
_cc. 1982.
300 _a535 pp ;
_c22 cm.
650 9 _aJews
_zSoviet Union
650 9 _aJewish families
650 9 _aJewish fiction
651 9 _aSoviet Union
655 _aFiction
040 _cBPK
041 0 _aeng
942 _cKS
008 s uk f |000 0 eng
999 _c47503
_d47503
856 _uhttp://koha.tu.koszalin.pl/cgi-bin/koha/opac-detail.pl?biblionumber=47503
_yKatalog online BPK